[Event "HUN-chT2 Erkel 1819"]
[Site "Hungary"]
[Date "2019.04.28"]
[Round "9.6"]
[White "Suhajda, Attila"]
[Black "Rozsa, Sandor"]
[Result "1/2-1/2"]
[WhiteElo "2046"]
[BlackElo "1876"]
[PlyCount "77"]
[EventDate "2018.10.28"]
[EventType "team-tourn"]
[EventRounds "9"]
[EventCountry "HUN"]
[SourceTitle "EXT 2021"]
[Source "ChessBase"]
[SourceDate "2020.10.23"]
[SourceVersion "1"]
[SourceVersionDate "2020.10.23"]
[SourceQuality "1"]
[WhiteTeam "Sarkany DSE"]
[BlackTeam "Fot"]
[WhiteTeamCountry "HUN"]
[BlackTeamCountry "HUN"]

1. e4 d5 2. exd5 Qxd5 3. Nc3 Qa5 4. d4 Nf6 5. Nf3 c6 6. Bc4 Bg4 7. 0-0 Nbd7 8. h3 Bh5 9. Bf4 Qf5 10. Bg3 Bxf3 11. Qxf3 Qxf3 12. gxf3 Nb6 13. Bb3 e6 14. a4 0-0-0 15. a5 Nbd5 16. Ne4 Nxe4 17. fxe4 Nf6 18. e5 Ne4 19. Rfd1 Be7 20. Bf4 Bh4 21. Be3 Rhg8 22. c4 g5 23. Kf1 g4 24. hxg4 Rxg4 25. Ke2 Rdg8 26. d5 Bxf2 27. Bxf2 Nxf2 28. Kxf2 Rg2+ 29. Ke3 R2g3+ 30. Kd4 Rxb3 31. dxc6 Rd8+ 32. Ke4 bxc6 33. Rxd8+ Kxd8 34. Rd1+ Ke7 35. Rd6 Rxb2 36. Rxc6 Rb7 37. Rc8 Kd7 38. Rh8 Kc6 39. Kd4 1/2-1/2

[Event "HUN-chT2 Erkel 1819"]
[Site "Hungary"]
[Date "2019.02.10"]
[Round "5.5"]
[White "Rozsa, Sandor"]
[Black "Toth Katona, Tamas"]
[Result "0-1"]
[WhiteElo "1876"]
[BlackElo "2074"]
[PlyCount "112"]
[EventDate "2018.10.28"]
[EventType "team-tourn"]
[EventRounds "9"]
[EventCountry "HUN"]
[SourceTitle "EXT 2021"]
[Source "ChessBase"]
[SourceDate "2020.10.23"]
[SourceVersion "1"]
[SourceVersionDate "2020.10.23"]
[SourceQuality "1"]
[WhiteTeam "Fot"]
[BlackTeam "Budapest MTK II"]
[WhiteTeamCountry "HUN"]
[BlackTeamCountry "HUN"]

1. e4 e5 2. Nf3 Nc6 3. Bb5 a6 4. Ba4 Nf6 5. 0-0 b5 6. Bb3 Be7 7. Re1 0-0 8. c3 d6 9. h3 Na5 10. Bc2 c5 11. d4 Qc7 12. Nbd2 Re8 13. Nf1 h6 14. Ng3 Bf8 15. b3 Nc6 16. Bb2 Bb7 17. Rc1 Rad8 18. Bb1 Ne7 19. Nh4 d5 20. exd5 exd4 21. cxd4 c4 22. bxc4 bxc4 23. Qc2 Nexd5 24. Nf3 Rxe1+ 25. Nxe1 Rc8 26. Nh5 g6 27. Nxf6+ Nxf6 28. Bc3 Qf4 29. Qd2 Qxd2 30. Bxd2 Ba3 31. Rd1 Kg7 32. Nc2 Bd6 33. Ne3 Ne4 34. Bxe4 Bxe4 35. Rc1 Bd3 36. Bc3 f5 37. g3 g5 38. Kg2 f4 39. gxf4 Bxf4 40. Re1 Rd8 41. Ng4 Bf5 42. Re7+ Kg6 43. Ra7 Rd6 44. d5 Be4+ 45. f3 Bxd5 46. Rg7+ Kf5 47. Rh7 Bxf3+ 48. Kxf3 Rd3+ 49. Ke2 Rxc3 50. Rxh6 Ra3 51. Rc6 Rxa2+ 52. Kf3 Ra3+ 53. Kg2 c3 54. Nf2 Ke5 55. Kf1 Kd4 56. Ke1 Bg3 0-1

[Event "HUN-chT2 Erkel 1819"]
[Site "Hungary"]
[Date "2018.11.18"]
[Round "2.7"]
[White "Fendrich, Zoltan"]
[Black "Rozsa, Sandor"]
[Result "0-1"]
[WhiteElo "1964"]
[BlackElo "1876"]
[PlyCount "68"]
[EventDate "2018.10.28"]
[EventType "team-tourn"]
[EventRounds "9"]
[EventCountry "HUN"]
[SourceTitle "EXT 2021"]
[Source "ChessBase"]
[SourceDate "2020.10.23"]
[SourceVersion "1"]
[SourceVersionDate "2020.10.23"]
[SourceQuality "1"]
[WhiteTeam "Vac"]
[BlackTeam "Fot"]
[WhiteTeamCountry "HUN"]
[BlackTeamCountry "HUN"]

1. e4 c6 2. Nc3 d5 3. d4 dxe4 4. Nxe4 Nd7 5. Nf3 Ngf6 6. Nc3 e6 7. Bf4 Nb6 8. a3 Bd6 9. Be5 0-0 10. Bd3 Nbd5 11. 0-0 h6 12. Qd2 a6 13. Rfe1 c5 14. Ne4 Nxe4 15. Rxe4 Bxe5 16. dxe5 f5 17. exf6 Nxf6 18. Rh4 b5 19. Re1 Bb7 20. Qe3 c4 21. Bg6 Bxf3 22. Qxf3 Nd5 23. Qe4 Qf6 24. Qxe6+ Qxe6 25. Rxe6 Nf4 26. Rd6 Rad8 27. Rxd8 Rxd8 28. Bf7+ Kf8 29. h3 g5 30. Rxf4 gxf4 31. Be6 Rd1+ 32. Kh2 Rb1 33. b3 cxb3 34. c4 Rc1 0-1

[Event "Zalakaros op 37th"]
[Site "Zalakaros"]
[Date "2018.05.25"]
[Round "1"]
[White "Vegh, Endre"]
[Black "Rozsa, Sandor"]
[Result "1-0"]
[WhiteElo "2264"]
[BlackElo "1861"]
[PlyCount "41"]
[EventDate "2018.05.25"]
[EventType "swiss"]
[EventRounds "9"]
[EventCountry "HUN"]
[SourceTitle "EXT 2019"]
[Source "ChessBase"]
[SourceDate "2018.10.10"]
[SourceVersion "1"]
[SourceVersionDate "2018.10.10"]
[SourceQuality "1"]

1. d4 Nf6 2. c4 e6 3. Nc3 Bb4 4. Qc2 d5 5. cxd5 Nxd5 6. Bd2 0-0 7. Nf3 Nd7 8. e4 Nxc3 9. bxc3 Be7 10. Bd3 g6 11. h4 c5 12. e5 cxd4 13. cxd4 Re8 14. h5 Nf8 15. Bh6 Qd7 16. Bxf8 Bxf8 17. hxg6 fxg6 18. Bxg6 hxg6 19. Qxg6+ Bg7 20. Ng5 Re7 21. Rh8+ 1-0

[Event "HUN-chT2 Erkel 1718"]
[Site "Hungary"]
[Date "2018.05.06"]
[Round "11.7"]
[White "Palla, Akos Botond"]
[Black "Rozsa, Sandor"]
[Result "1/2-1/2"]
[WhiteElo "2023"]
[BlackElo "1910"]
[PlyCount "48"]
[EventDate "2017.09.24"]
[EventType "team-tourn"]
[EventRounds "11"]
[EventCountry "HUN"]
[SourceTitle "EXT 2021"]
[Source "ChessBase"]
[SourceDate "2020.10.23"]
[SourceVersion "1"]
[SourceVersionDate "2020.10.23"]
[SourceQuality "1"]
[WhiteTeam "Sarkany DSE"]
[BlackTeam "Fot"]
[WhiteTeamCountry "HUN"]
[BlackTeamCountry "HUN"]

1. e4 c6 2. d4 d5 3. e5 Bf5 4. Nf3 e6 5. Be2 c5 6. Be3 Qb6 7. Nc3 c4 8. Qd2 Nc6 9. a3 Nge7 10. 0-0 Bg4 11. b3 cxb3 12. cxb3 Nf5 13. Rfd1 Be7 14. b4 0-0 15. Rac1 Rfc8 16. h3 Bxf3 17. Bxf3 a5 18. b5 Bxa3 19. bxc6 Bxc1 20. Rxc1 Rxc6 21. Rb1 Qc7 22. Nb5 Qd7 23. g4 Nxe3 24. fxe3 b6 1/2-1/2

[Event "HUN-chT2 Erkel 1718"]
[Site "Hungary"]
[Date "2018.01.28"]
[Round "7.9"]
[White "Lenko, Csaba"]
[Black "Rozsa, Sandor"]
[Result "1/2-1/2"]
[WhiteElo "1914"]
[BlackElo "1910"]
[PlyCount "51"]
[EventDate "2017.09.24"]
[EventType "team-tourn"]
[EventRounds "11"]
[EventCountry "HUN"]
[SourceTitle "EXT 2021"]
[Source "ChessBase"]
[SourceDate "2020.10.23"]
[SourceVersion "1"]
[SourceVersionDate "2020.10.23"]
[SourceQuality "1"]
[WhiteTeam "Salgotarjan"]
[BlackTeam "Fot"]
[WhiteTeamCountry "HUN"]
[BlackTeamCountry "HUN"]

1. d4 Nf6 2. c4 g6 3. Nc3 Bg7 4. Nf3 d6 5. e3 Nbd7 6. Be2 0-0 7. 0-0 e5 8. Qc2 Re8 9. Rd1 c6 10. dxe5 dxe5 11. e4 Qc7 12. Bg5 Nf8 13. h3 Ne6 14. Bxf6 Bxf6 15. Bf1 Nd4 16. Qd3 Bg7 17. Ne2 Nxf3+ 18. Qxf3 Be6 19. Nc3 Qb6 20. b3 Rad8 21. Na4 Qc7 22. Rxd8 Rxd8 23. Rd1 Rd4 24. Nc5 Bc8 25. Rxd4 exd4 26. Nd3 1/2-1/2

[Event "Budapest Karacsonyi op"]
[Site "Budapest"]
[Date "2017.12.29"]
[Round "4"]
[White "Moricz, Benedek"]
[Black "Rozsa, Sandor"]
[Result "1-0"]
[WhiteElo "1750"]
[BlackElo "1932"]
[PlyCount "133"]
[EventDate "2017.12.27"]
[EventType "swiss"]
[EventRounds "7"]
[EventCountry "HUN"]
[SourceTitle "CBM 182 Extra"]
[Source "ChessBase"]
[SourceDate "2018.02.23"]
[SourceVersion "1"]
[SourceVersionDate "2018.02.23"]
[SourceQuality "1"]

1. e4 c6 2. d4 d5 3. exd5 cxd5 4. Bd3 Nc6 5. c3 Nf6 6. Bg5 e6 7. Nf3 Be7 8. Nbd2 h6 9. Bf4 a6 10. a4 b6 11. 0-0 Bb7 12. Re1 Nh5 13. Be5 Nxe5 14. Nxe5 Nf6 15. Qb3 0-0 16. Re3 Bd6 17. h3 Bxe5 18. Rxe5 Qc7 19. Rae1 Rae8 20. Qd1 Nd7 21. R5e3 e5 22. Qe2 e4 23. Bxa6 Bc6 24. Bb5 f5 25. Bxc6 Qxc6 26. Qb5 Qxb5 27. axb5 Ra8 28. b3 Ra5 29. c4 Nf6 30. Rb1 Rd8 31. Ree1 Ra2 32. Red1 f4 33. Nf1 Rc2 34. Rbc1 Rxc1 35. Rxc1 dxc4 36. Rxc4 Rd5 37. g3 fxg3 38. Nxg3 Rxb5 39. b4 Kf7 40. Ne2 Nd5 41. Ng3 Rxb4 42. Rxb4 Nxb4 43. Nxe4 Ke6 44. Nc3 Nc2 45. Nb5 Kd5 46. Nc7+ Kxd4 47. Ne6+ Ke5 48. Nxg7 Nd4 49. Nh5 Nf3+ 50. Kf1 b5 51. Ng3 Ng5 52. Kg2 b4 53. Ne2 Ne6 54. Kg3 Nd4 55. Nc1 Kf5 56. Kh4 Kg6 57. Kg4 b3 58. Nd3 Nc6 59. Kf4 Kf6 60. h4 Ne5 61. Nb2 h5 62. f3 Ng6+ 63. Kg3 Kf5 64. Nd3 Nf4 65. Nb2 Ke5 66. Nd1 Nd3 67. f4+ 1-0

[Event "Budapest Karacsonyi op"]
[Site "Budapest"]
[Date "2017.12.29"]
[Round "5"]
[White "Rozsa, Sandor"]
[Black "Baranyi, Robert"]
[Result "0-1"]
[WhiteElo "1932"]
[BlackElo "1707"]
[PlyCount "90"]
[EventDate "2017.12.27"]
[EventType "swiss"]
[EventRounds "7"]
[EventCountry "HUN"]
[SourceTitle "CBM 182 Extra"]
[Source "ChessBase"]
[SourceDate "2018.02.23"]
[SourceVersion "1"]
[SourceVersionDate "2018.02.23"]
[SourceQuality "1"]

1. e4 Nf6 2. Nc3 d5 3. exd5 Nxd5 4. Bc4 c6 5. Qf3 e6 6. Nge2 Nd7 7. 0-0 Ne5 8. Qe4 Nxc4 9. Qxc4 Bd6 10. d3 0-0 11. Bd2 Qc7 12. Qh4 f5 13. Kh1 Bd7 14. f4 Rf6 15. Nd4 Re8 16. Rae1 Rh6 17. Qg3 Nf6 18. Nf3 Nh5 19. Qf2 Bxf4 20. Bxf4 Qxf4 21. Ne2 Qb8 22. Kg1 e5 23. Qc5 Nf6 24. Ng3 f4 25. Nxe5 fxg3 26. Nxd7 gxh2+ 27. Kh1 Nxd7 28. Qc4+ Kh8 29. Qf7 Rxe1 30. Rxe1 Nf6 31. Re7 Rg6 32. Rxb7 Qe5 33. Re7 Qd5 34. Qxd5 cxd5 35. Rxa7 h5 36. Kxh2 Ng4+ 37. Kh3 Ne3 38. g3 Nxc2 39. Rd7 d4 40. Rd5 Ra6 41. a3 g6 42. Rc5 Ne1 43. Kh4 Nxd3 44. Rd5 Nxb2 45. Rxd4 Ra4 0-1

[Event "Budapest Karacsonyi op"]
[Site "Budapest"]
[Date "2017.12.28"]
[Round "3"]
[White "Rozsa, Sandor"]
[Black "Bolyki, Istvan"]
[Result "1-0"]
[WhiteElo "1932"]
[BlackElo "1620"]
[PlyCount "93"]
[EventDate "2017.12.27"]
[EventType "swiss"]
[EventRounds "7"]
[EventCountry "HUN"]
[SourceTitle "CBM 182 Extra"]
[Source "ChessBase"]
[SourceDate "2018.02.23"]
[SourceVersion "1"]
[SourceVersionDate "2018.02.23"]
[SourceQuality "1"]

1. e4 e5 2. Nf3 Nc6 3. Bb5 a6 4. Ba4 Nf6 5. 0-0 Be7 6. Re1 b5 7. Bb3 d6 8. c3 0-0 9. h3 Bb7 10. d4 Nd7 11. a4 Na5 12. Bc2 c5 13. Nbd2 c4 14. Nf1 Bf6 15. Ng3 g6 16. Bh6 Bg7 17. Bxg7 Kxg7 18. dxe5 Nxe5 19. Nd4 Qd7 20. f4 Nec6 21. axb5 axb5 22. Nxb5 Rfd8 23. Nd4 Nxd4 24. Qxd4+ Kg8 25. Rad1 Qb5 26. Rb1 Qc5 27. Qxc5 dxc5 28. Red1 Nb3 29. Rxd8+ Rxd8 30. Rd1 Rxd1+ 31. Bxd1 Nd2 32. Bc2 h5 33. h4 Kg7 34. Kf2 Nb3 35. Bxb3 cxb3 36. Ke3 Ba6 37. e5 f6 38. exf6+ Kxf6 39. Ne4+ Kf5 40. Nxc5 Bc4 41. Nd7 Bd5 42. g3 Kg4 43. Nf6+ Kxg3 44. Nxd5 Kxh4 45. Kf3 Kh3 46. Ne7 h4 47. Nxg6 1-0

[Event "Budapest Karacsonyi op"]
[Site "Budapest"]
[Date "2017.12.27"]
[Round "1"]
[White "Szurkos, Andras"]
[Black "Rozsa, Sandor"]
[Result "1/2-1/2"]
[WhiteElo "1667"]
[BlackElo "1932"]
[PlyCount "35"]
[EventDate "2017.12.27"]
[EventType "swiss"]
[EventRounds "7"]
[EventCountry "HUN"]
[SourceTitle "CBM 182 Extra"]
[Source "ChessBase"]
[SourceDate "2018.02.23"]
[SourceVersion "1"]
[SourceVersionDate "2018.02.23"]
[SourceQuality "1"]

1. e4 c6 2. Nf3 d5 3. Nc3 dxe4 4. Nxe4 Nd7 5. d4 Ngf6 6. Nxf6+ Nxf6 7. Bc4 e6 8. 0-0 Be7 9. Bg5 0-0 10. c3 b6 11. Qc2 Bb7 12. Bd3 h6 13. Bxf6 Bxf6 14. Rad1 Qc7 15. Rfe1 Rac8 16. a4 a5 17. Be4 Rfd8 18. Qe2 1/2-1/2

[Event "HUN-chT2 Erkel 1718"]
[Site "Hungary"]
[Date "2017.12.17"]
[Round "6.8"]
[White "Balazs, Csaba"]
[Black "Rozsa, Sandor"]
[Result "0-1"]
[WhiteElo "1837"]
[BlackElo "1910"]
[PlyCount "48"]
[EventDate "2017.09.24"]
[EventType "team-tourn"]
[EventRounds "11"]
[EventCountry "HUN"]
[SourceTitle "EXT 2021"]
[Source "ChessBase"]
[SourceDate "2020.10.23"]
[SourceVersion "1"]
[SourceVersionDate "2020.10.23"]
[SourceQuality "1"]
[WhiteTeam "Andornaktalya"]
[BlackTeam "Fot"]
[WhiteTeamCountry "HUN"]
[BlackTeamCountry "HUN"]

1. d4 Nf6 2. c4 g6 3. Nc3 Bg7 4. Nf3 d6 5. h3 0-0 6. e4 Nbd7 7. Be3 e5 8. d5 Nc5 9. Qc2 a5 10. a4 b6 11. Be2 Bd7 12. 0-0 Nh5 13. Rfe1 Nf4 14. Bf1 f5 15. Bxf4 exf4 16. e5 dxe5 17. Nxe5 Re8 18. Nxd7 Qxd7 19. f3 Re3 20. Ne2 Rae8 21. Ra3 Rxa3 22. bxa3 Qe7 23. Qd2 g5 24. Kf2 Nb3 0-1

[Event "HUN-chT2 Erkel 1617"]
[Site "Hungary"]
[Date "2017.02.26"]
[Round "9.9"]
[White "Rozsa, Sandor"]
[Black "Csatari, Dominik"]
[Result "1/2-1/2"]
[WhiteElo "1942"]
[BlackElo "1724"]
[PlyCount "51"]
[EventDate "2016.09.25"]
[EventType "team-tourn"]
[EventRounds "11"]
[EventCountry "HUN"]
[SourceTitle "EXT 2021"]
[Source "ChessBase"]
[SourceDate "2020.10.23"]
[SourceVersion "1"]
[SourceVersionDate "2020.10.23"]
[SourceQuality "1"]
[WhiteTeam "Fot"]
[BlackTeam "Jaszbereny"]
[WhiteTeamCountry "HUN"]
[BlackTeamCountry "HUN"]

1. e4 e6 2. b3 d5 3. Bb2 Nf6 4. e5 Nfd7 5. f4 b6 6. Nf3 Bb7 7. d4 c5 8. Nbd2 cxd4 9. Nxd4 Nc6 10. N2f3 Rc8 11. Bb5 Nxd4 12. Nxd4 Bb4+ 13. Kf2 0-0 14. Rf1 a6 15. Bd3 Nc5 16. Kg1 Nxd3 17. Qxd3 Bc5 18. Kh1 Qe7 19. f5 Bxd4 20. Bxd4 exf5 21. Rxf5 Rc6 22. Raf1 Rg6 23. Qe3 Qe6 24. h3 Qc6 25. Qf2 Qc7 26. c3 1/2-1/2

[Event "HUN-chT2 Erkel 1617"]
[Site "Hungary"]
[Date "2016.12.11"]
[Round "6.9"]
[White "Teglas, Matyas"]
[Black "Rozsa, Sandor"]
[Result "1/2-1/2"]
[WhiteElo "1920"]
[BlackElo "1942"]
[PlyCount "60"]
[EventDate "2016.09.25"]
[EventType "team-tourn"]
[EventRounds "11"]
[EventCountry "HUN"]
[SourceTitle "EXT 2021"]
[Source "ChessBase"]
[SourceDate "2020.10.23"]
[SourceVersion "1"]
[SourceVersionDate "2020.10.23"]
[SourceQuality "1"]
[WhiteTeam "Szada GSBE"]
[BlackTeam "Fot"]
[WhiteTeamCountry "HUN"]
[BlackTeamCountry "HUN"]

1. d4 Nf6 2. Nf3 g6 3. Bf4 Bg7 4. e3 d6 5. h3 Nbd7 6. Nbd2 b6 7. Bc4 Bb7 8. 0-0 0-0 9. c3 h6 10. Re1 Kh7 11. e4 d5 12. Bd3 dxe4 13. Nxe4 Nxe4 14. Bxe4 Bxe4 15. Rxe4 Nf6 16. Re2 e6 17. Qa4 Qe8 18. Qa6 Qc8 19. Qc4 Nd5 20. Bg3 Qb7 21. Be5 Bxe5 22. Rxe5 Rac8 23. Rae1 c5 24. dxc5 Rxc5 25. Qh4 Kg7 26. Qe4 Qd7 27. Rd1 Qc7 28. Re1 Nf6 29. Qh4 Rxe5 30. Nxe5 Rd8 1/2-1/2

[Event "HUN-chT2 Erkel 1516"]
[Site "Hungary"]
[Date "2016.02.28"]
[Round "8.9"]
[White "Matin, Gabor"]
[Black "Rozsa, Sandor"]
[Result "1-0"]
[WhiteElo "2034"]
[BlackElo "1971"]
[PlyCount "123"]
[EventDate "2015.09.13"]
[EventType "team-tourn"]
[EventRounds "11"]
[EventCountry "HUN"]
[SourceTitle "EXT 2017"]
[Source "ChessBase"]
[SourceDate "2016.10.25"]
[SourceVersion "1"]
[SourceVersionDate "2016.10.25"]
[SourceQuality "1"]
[WhiteTeam "Matra"]
[BlackTeam "Foti"]
[WhiteTeamCountry "HUN"]
[BlackTeamCountry "HUN"]

1. d4 Nf6 2. c4 g6 3. Nc3 Bg7 4. Nf3 d6 5. h3 Nbd7 6. e4 0-0 7. Be2 e5 8. dxe5 dxe5 9. Be3 c6 10. 0-0 Qc7 11. Qc2 Re8 12. Rfd1 Nf8 13. Bc5 N6d7 14. Bd6 Qd8 15. c5 Qf6 16. Bc4 Ne6 17. Ne2 Nf4 18. Nxf4 Qxf4 19. Qd2 Qxd2 20. Rxd2 Nf8 21. Bxf8 Kxf8 22. Rad1 Bf6 23. b4 h6 24. Rd3 a5 25. a3 axb4 26. axb4 Ra4 27. Rb1 Be7 28. Rc3 f6 29. Kf1 Rd8 30. Ke2 g5 31. Nd2 Rd4 32. Rd3 Rxd3 33. Kxd3 Ra3+ 34. Rb3 Ra1 35. Rb1 Ra3+ 36. Bb3 Ke8 37. Nc4 Ra6 38. Nb6 Kd8 39. Rd1 Kc7 40. Kc3 Rxb6 41. cxb6+ Kxb6 42. Bf7 Kc7 43. Bg6 c5 44. b5 Bd7 45. Rb1 b6 46. Bf5 Be8 47. Be6 Kd6 48. Bg8 Bd7 49. g4 Be8 50. Kc4 h5 51. Ra1 hxg4 52. hxg4 Bd7 53. f3 Be6+ 54. Bxe6 Kxe6 55. Ra8 Kd6 56. Rb8 Kc7 57. Ra8 Kd6 58. Rc8 Kd7 59. Rc6 Bd8 60. Kd5 Ke7 61. Rc8 Kd7 62. Ra8 1-0

[Event "HUN-chT2 Erkel 1516"]
[Site "Hungary"]
[Date "2015.12.06"]
[Round "6.8"]
[White "Matuska, Miklos"]
[Black "Rozsa, Sandor"]
[Result "1/2-1/2"]
[WhiteElo "2049"]
[BlackElo "1957"]
[PlyCount "69"]
[EventDate "2015.09.13"]
[EventType "team-tourn"]
[EventRounds "11"]
[EventCountry "HUN"]
[SourceTitle "CBM 170 Extra"]
[Source "ChessBase"]
[SourceDate "2016.02.25"]
[SourceVersion "1"]
[SourceVersionDate "2016.02.25"]
[SourceQuality "1"]
[WhiteTeam "Pestszentlorinc"]
[BlackTeam "Foti"]
[WhiteTeamCountry "HUN"]
[BlackTeamCountry "HUN"]

1. Nf3 Nf6 2. g3 d5 3. Bg2 c6 4. b3 g6 5. Bb2 Bg7 6. 0-0 0-0 7. c4 dxc4 8. bxc4 Be6 9. Qc2 Na6 10. d3 Qa5 11. Be5 Ne8 12. Qb2 Bxe5 13. Nxe5 Qb4 14. Qxb4 Nxb4 15. Nc3 f6 16. Rab1 Na6 17. Nf3 Nd6 18. Nd4 Bd7 19. Nb3 Rab8 20. c5 Nb5 21. Nxb5 cxb5 22. d4 e6 23. Na5 b6 24. cxb6 Rxb6 25. Rfc1 Kg7 26. Nc6 Bxc6 27. Bxc6 Rc8 28. Bd7 Rd8 29. Bxb5 Rxd4 30. Bxa6 Rxa6 31. Rc7+ Kh6 32. Rbb7 Kg5 33. Rxh7 Rxa2 34. Rxa7 Rxe2 35. Rhd7 1/2-1/2

[Event "HUN-chT2 Erkel 1516"]
[Site "Hungary"]
[Date "2015.10.04"]
[Round "2.8"]
[White "Monori, Zoltan"]
[Black "Rozsa, Sandor"]
[Result "1/2-1/2"]
[WhiteElo "2068"]
[BlackElo "1925"]
[PlyCount "38"]
[EventDate "2015.09.13"]
[EventType "team-tourn"]
[EventRounds "11"]
[EventCountry "HUN"]
[SourceTitle "CBM 170 Extra"]
[Source "ChessBase"]
[SourceDate "2016.02.25"]
[SourceVersion "1"]
[SourceVersionDate "2016.02.25"]
[SourceQuality "1"]
[WhiteTeam "HASE"]
[BlackTeam "Foti"]
[WhiteTeamCountry "HUN"]
[BlackTeamCountry "HUN"]

1. d4 Nf6 2. Nf3 g6 3. Bf4 Bg7 4. e3 d6 5. Bc4 0-0 6. h3 Nbd7 7. 0-0 c5 8. c3 a6 9. a4 b6 10. Qe2 Bb7 11. Nbd2 d5 12. Bb3 c4 13. Bc2 b5 14. e4 dxe4 15. Nxe4 Nxe4 16. Bxe4 Bxe4 17. Qxe4 Nf6 18. Qb7 Qd7 19. Qxd7 Nxd7 1/2-1/2

[Event "Budapest Art Pub Cup 8th"]
[Site "Budapest"]
[Date "2015.07.12"]
[Round "6"]
[White "Dudas, Eszter"]
[Black "Rozsa, Sandor"]
[Result "1-0"]
[WhiteElo "2201"]
[BlackElo "1935"]
[PlyCount "103"]
[EventDate "2015.07.09"]
[EventType "swiss"]
[EventRounds "7"]
[EventCountry "HUN"]
[SourceTitle "CBM 167 Extra"]
[Source "ChessBase"]
[SourceDate "2015.09.14"]
[SourceVersion "1"]
[SourceVersionDate "2015.09.14"]
[SourceQuality "1"]

1. e4 c6 2. Nc3 d5 3. Nf3 dxe4 4. Nxe4 Nd7 5. Bc4 Ngf6 6. Neg5 e6 7. Qe2 Nb6 8. Ne5 Nxc4 9. Qxc4 Qc7 10. Ngxf7 Bd6 11. Nxd6+ Qxd6 12. d4 Qd5 13. f3 Nd7 14. Qxd5 cxd5 15. Nd3 b6 16. 0-0 Ba6 17. Rd1 Kf7 18. Bf4 Rac8 19. c3 Bxd3 20. Rxd3 Rc6 21. Kf2 Rg8 22. g4 Rh8 23. Rdd1 h5 24. h3 hxg4 25. hxg4 g5 26. Bg3 Rcc8 27. Rh1 Kg6 28. Rae1 Rxh1 29. Rxh1 b5 30. Ke3 Rf8 31. Bd6 Rd8 32. b3 Rc8 33. Kd3 Rc6 34. Be7 Ra6 35. a3 Nf6 36. Rh8 Rc6 37. Rf8 Nh7 38. Rb8 a6 39. Bc5 Nf6 40. Rb6 Rxb6 41. Bxb6 Nh7 42. c4 bxc4+ 43. bxc4 Kf7 44. c5 Ke7 45. Kc3 Kd7 46. Kb4 Kc6 47. Ka5 Kb7 48. Bd8 Kc8 49. Be7 Kb7 50. a4 e5 51. dxe5 Kc6 52. Kb4 1-0

[Event "Budapest Art Pub Cup 8th"]
[Site "Budapest"]
[Date "2015.07.11"]
[Round "5"]
[White "Rozsa, Sandor"]
[Black "Baranyai, Tamas"]
[Result "1-0"]
[WhiteElo "1935"]
[BlackElo "1633"]
[PlyCount "33"]
[EventDate "2015.07.09"]
[EventType "swiss"]
[EventRounds "7"]
[EventCountry "HUN"]
[SourceTitle "CBM 167 Extra"]
[Source "ChessBase"]
[SourceDate "2015.09.14"]
[SourceVersion "1"]
[SourceVersionDate "2015.09.14"]
[SourceQuality "1"]

1. e4 c5 2. Nc3 Nc6 3. g3 e6 4. Bg2 Nge7 5. Nge2 g6 6. d3 Bg7 7. Be3 Nd4 8. 0-0 d5 9. Nf4 Nxc2 10. Qxc2 d4 11. Bd2 e5 12. Ncd5 exf4 13. Qxc5 Nxd5 14. exd5 Qd7 15. Rfe1+ Kd8 16. d6 Re8 17. Ba5+ 1-0

[Event "HUN-chT2 Erkel 1415"]
[Site "Hungary"]
[Date "2015.03.22"]
[Round "8.7"]
[White "Rozsa, Sandor"]
[Black "Honsch, Pal"]
[Result "1-0"]
[WhiteElo "1919"]
[BlackElo "2033"]
[PlyCount "89"]
[EventDate "2014.09.28"]
[EventType "team-tourn"]
[EventRounds "9"]
[EventCountry "HUN"]
[SourceTitle "EXT 2016"]
[Source "ChessBase"]
[SourceDate "2015.10.08"]
[SourceVersion "1"]
[SourceVersionDate "2015.10.08"]
[SourceQuality "1"]
[WhiteTeam "Fot"]
[BlackTeam "GBSE"]
[WhiteTeamCountry "HUN"]
[BlackTeamCountry "HUN"]

1. e4 c5 2. Nc3 d6 3. g3 Nc6 4. Bg2 g6 5. Nge2 Bg7 6. d3 e6 7. Be3 Nd4 8. Qd2 Ne7 9. 0-0 0-0 10. Rae1 Nec6 11. Nd1 Nxe2+ 12. Rxe2 Nd4 13. Ree1 e5 14. c3 Ne6 15. Bh6 Re8 16. Bxg7 Kxg7 17. f4 exf4 18. gxf4 Qh4 19. Ne3 Nc7 20. f5 f6 21. Rf3 g5 22. Ref1 Qh5 23. h4 h6 24. Rh3 Qf7 25. Ng4 Rh8 26. hxg5 hxg5 27. Rxh8 Kxh8 28. Rf3 Kg7 29. Rh3 Bd7 30. Rh6 Ne8 31. e5 dxe5 32. Nxe5 Qe7 33. Rg6+ Kf8 34. Rxf6+ Nxf6 35. Ng6+ Kf7 36. Nxe7 Kxe7 37. Qe3+ Kf7 38. Qxc5 Rc8 39. Bd5+ Ke8 40. Qe3+ Kf8 41. Bxb7 Re8 42. Qxg5 Nh7 43. Qh6+ Kg8 44. Bd5+ Kh8 45. f6 1-0

[Event "HUN-chT2 Erkel 1415"]
[Site "Hungary"]
[Date "2014.11.16"]
[Round "2.8"]
[White "Rozsa, Sandor"]
[Black "Terbe, Julianna"]
[Result "1/2-1/2"]
[WhiteElo "1919"]
[BlackElo "1954"]
[PlyCount "112"]
[EventDate "2014.09.28"]
[EventType "team-tourn"]
[EventRounds "9"]
[EventCountry "HUN"]
[SourceTitle "EXT 2016"]
[Source "ChessBase"]
[SourceDate "2015.10.08"]
[SourceVersion "1"]
[SourceVersionDate "2015.10.08"]
[SourceQuality "1"]
[WhiteTeam "Fot"]
[BlackTeam "Budapest MTK"]
[WhiteTeamCountry "HUN"]
[BlackTeamCountry "HUN"]

1. e4 c5 2. Nc3 Nc6 3. g3 g6 4. Bg2 Bg7 5. d3 Rb8 6. Be3 d6 7. Nge2 b5 8. Qd2 e6 9. 0-0 Nd4 10. Nd1 Nxe2+ 11. Qxe2 Ne7 12. Qd2 0-0 13. Bh6 Qb6 14. Bxg7 Kxg7 15. a4 a6 16. axb5 axb5 17. Ne3 f5 18. exf5 Nxf5 19. Nxf5+ Rxf5 20. Qa5 Rf7 21. Qxb6 Rxb6 22. Ra8 Bb7 23. Bxb7 Rbxb7 24. Rfa1 Kf6 25. f4 e5 26. Rf1 exf4 27. Rxf4+ Kg7 28. Rxf7+ Kxf7 29. Kf2 Ke6 30. Ke2 Kd5 31. Kd2 b4 32. Rf8 Ra7 33. b3 Re7 34. Rf4 g5 35. Rg4 Re5 36. h4 h6 37. hxg5 hxg5 38. Kd1 Ke6 39. Kd2 d5 40. d4 cxd4 41. Rxd4 Rf5 42. Rxb4 Rf2+ 43. Kd1 Rg2 44. g4 Ke5 45. c3 Kd6 46. Rd4 Kc5 47. b4+ Kc6 48. c4 dxc4 49. Rxc4+ Kb5 50. Rc5+ Kxb4 51. Rxg5 Kc4 52. Ke1 Kd4 53. Kf1 Ra2 54. Rb5 Ke4 55. g5 Kf4 56. g6 Ra7 1/2-1/2